Koneman's color atlas and textbook of diagnostic microbiology (Record no. 394045)

MARC details
000 -LEADER
fixed length control field 00764 a2200277 4500
005 - DATE & TIME
control field 20260210111339.0
008 - FIXED-LENGTH DATA ELEMENTS--GENERAL INFORMATION
fixed length control field 260206b |||||||| |||| 00| 0 eng d
020 ## - ISBN
International Standard Book Number 9781284322378
Price $ 160.00
040 ## - CATALOGING SOURCE
Original cataloging agency VIVEKANANDA LIBRARY
082 ## - DDC NUMBER
Classification number 579
Book Number P942K(7)
100 ## - MAIN ENTRY--PERSONAL NAME
Personal name Procop, Gary W
245 ## - TITLE STATEMENT
Title Koneman's color atlas and textbook of diagnostic microbiology
250 ## - EDITION STATEMENT
Edition statement 7th
260 ## - PUBLICATION, DISTRIBUTION, ETC. (IMPRINT)
Name of publisher, distributor, etc Jones and Bartlett Publishers
Date of publication, distribution, etc 2017
Place of publication, distribution, etc America
300 ## - PHYSICAL DESCRIPTION
Pages v.
650 ## - Subject
Subject Microbiology
650 ## - Subject
Subject Diagnostic Microbiology
650 ## - Subject
Subject Microorganisms
700 ## - Added Entry Personal Name
Added Entry Personal Name Church, Deirdre L
700 ## - Added Entry Personal Name
Added Entry Personal Name Hall, Geraldine S
700 ## - Added Entry Personal Name
Added Entry Personal Name Janda, William M
700 ## - Added Entry Personal Name
Added Entry Personal Name Koneman, Elmer W
700 ## - Added Entry Personal Name
Added Entry Personal Name Schreckenberger, Paul C
700 ## - Added Entry Personal Name
Added Entry Personal Name Woods, Gail L
942 ## - ADDED ENTRY ELEMENTS (KOHA)
Koha item type Books
Holdings
Withdrawn status Lost status Source of classification or shelving scheme Damaged status Not for loan Location (home branch) Sublocation or collection (holding branch) Shelving location Date acquired Koha issues (times borrowed) Koha full call number Accession No. Koha date last seen Koha item type
    Dewey Decimal Classification     VIVEKANANDA LIBRARY VIVEKANANDA LIBRARY Vivekananda Library 22/01/2026   579 P942K(7) 444382 22/01/2026 Books
© Designed and Maintained by Vivekananda Library, MDU Rohtak